000 00490pab a2200181 454500
008 180718b2009 xxu||||| |||| 00| 0 eng d
100 _aBandyopadhyay, Gautam et al.
245 _aImpact of globalization on small scale industry (SSI)
260 _c2009
300 _ap.268-73.
362 _aApr
650 _aGlobalization - India
650 _aIndia - Industries, Small scale
650 _aSmall scale industry
773 _aManagement Accountant
908 _aN
909 _a82403
999 _c82403
_d82403